|
|
|
|
| LEADER |
00000nam0a2200000 4500 |
| 001 |
289051 |
| 005 |
20231102000141.0 |
| 020 |
|
|
|a RU
|b 85-86561
|
| 035 |
|
|
|a (RuTPU)RU\TPU\book\313556
|
| 090 |
|
|
|a 289051
|
| 100 |
|
|
|a 20150331d1985 m y0rusy5003 ca
|
| 101 |
0 |
|
|a rus
|
| 102 |
|
|
|a RU
|
| 105 |
|
|
|a a j 000zy
|
| 200 |
1 |
|
|a Историческая геология. Палеозой
|e [учебное пособие]
|f Г. П. Леонов
|
| 210 |
|
|
|a Москва
|c Изд-во МГУ
|d 1985
|
| 215 |
|
|
|a 381 с.
|c ил.
|
| 606 |
1 |
|
|a Палеозойские отложения
|2 stltpush
|3 (RuTPU)RU\TPU\subj\47983
|9 66866
|
| 610 |
1 |
|
|a земная кора
|
| 610 |
1 |
|
|a геохронология
|
| 610 |
1 |
|
|a Восточно-Европейская платформа
|
| 610 |
1 |
|
|a Атлантида
|
| 610 |
1 |
|
|a Северо-Американская платформа
|
| 610 |
1 |
|
|a Урало-Монгольский складчатый пояс
|
| 610 |
1 |
|
|a Сибирская платформа
|
| 610 |
1 |
|
|a Гондвана
|
| 610 |
1 |
|
|a учебные пособия
|
| 675 |
|
|
|a 551.73
|z rus
|v 3
|
| 700 |
|
1 |
|a Леонов
|b Г. П.
|g Георгий Павлович
|4 070
|
| 801 |
|
0 |
|a RU
|b RuMRKP
|c 19950704
|g psbo
|
| 801 |
|
1 |
|a RU
|b 63413507
|c 20150331
|
| 801 |
|
2 |
|a RU
|b 63413507
|c 20180319
|g RCR
|
| 942 |
|
|
|c BK
|